Haciendo república / (Record no. 38897)

MARC details
000 -LEADER
campo de control de longitud fija 00523nam a2200181 i 4500
001 - NÚMERO DE CONTROL
campo de control 38897
003 - IDENTIFICADOR DE NÚMERO DE CONTROL
campo de control ES-MaACL
005 - FECHA Y HORA DE LA ÚLTIMA TRANSACCIÓN
campo de control 20230906155838.0
007 - CAMPO FIJO DE DESCRIPCIÓN FÍSICA--INFORMACIÓN GENERAL
campo de control de longitud fija t|
008 - DATOS DE LONGITUD FIJA--INFORMACIÓN GENERAL
campo de control de longitud fija 030226s1968 sp ||||1| spa d
100 1# - ENTRADA PRINCIPAL--NOMBRE DE PERSONA
Nombre de persona Camba, Julio,
Fechas asociadas al nombre 1882-1962
9 (RLIN) 34020
245 10 - MENCIÓN DEL TÍTULO
Título Haciendo república /
Mención de responsabilidad, etc. Julio Camba.
260 ## - PUBLICACIÓN, DISTRIBUCIÓN, ETC.
Lugar de publicación, distribución, etc. Madrid :
Nombre del editor, distribuidor, etc. Plus Ultra,
Fecha de publicación, distribución, etc. [1968]
300 ## - DESCRIPCIÓN FÍSICA
Extensión 221 p. ;
Dimensiones 18 cm.
651 #4 - PUNTO DE ACCESO ADICIONAL DE MATERIA--NOMBRE GEOGRÁFICO
Nombre geográfico España-
Subdivisión general Historia-
Subdivisión cronológica 1931-1939, II República.
9 (RLIN) 8283
852 ## - LOCALIZACIÓN
Ubicación ES-MaACL
Número de control de estantería C-37082
Sublocalización o colección R.66762
Holdings
Estatus retirado Estado de pérdida Estado de daño No para préstamo Biblioteca de origen Biblioteca actual Ubicación en estantería Fecha de adquisición Fuente de adquisición Total de préstamos Signatura topográfica completa Código de barras Visto por última vez Precio de reemplazo Tipo de ítem Koha
        Biblioteca del Ateneo de Madrid Biblioteca del Ateneo de Madrid Depósito 2 17/01/2008     C-37082 1040958 23/02/2023 23/02/2023 Libro impreso